Normal view
MARC view
- الاردن - تاريخ - عبدالله بن الحسين الاول، 1921 - 1951، الاردن - تاريخ - عبدالله بن الحسين الاول، 1988 - 1951- وحدة الضقتين 1947-1950م
Entry Topical Term
001 - CONTROL NUMBER
- control field: 55338
003 - CONTROL NUMBER IDENTIFIER
- control field: JO-AjAnu
005 - DATE AND TIME OF LATEST TRANSACTION
- control field: 20230606083057.0
008 - FIXED-LENGTH DATA ELEMENTS
- fixed length control field: 230606|| aca||aabn | a|a d
040 ## - CATALOGING SOURCE
- Original cataloging agency: JO-AjAnu
- Transcribing agency: JO-AjAnu
150 ## - HEADING--TOPICAL TERM
- Topical term or geographic name entry element: الاردن - تاريخ - عبدالله بن الحسين الاول، 1921 - 1951، الاردن - تاريخ - عبدالله بن الحسين الاول، 1988 - 1951- وحدة الضقتين 1947-1950م
670 ## - SOURCE DATA FOUND
- Source citation: Work cat.: (JO-AjAnu)28249: عبدالله بن الحسين بن علي، ملك الأردن، 1988 - 1951؛ اشراف البخيت، محمد عدنان، جمع وإعداد محمد عدنان البخيت، جمع وإعداد هند غسان أبو الشعر، جمع وإعداد نوفان رجا السوارية، جمع وإعداد بكر خازر المجالي, author 55337, الوثائق الهاشمية: أوراق عبدالله بن الحسين : وحدة الضفتين 1365-1370هجري/1947-1950م، مج 11